00654nam a2200229Ia 4500008004100000041001200041082000800053082001100061100001800072100001100090245007600101260000900177260001400186260000900200300001500209365002500224650001300249650002000262942000700282999001900289952011600308150909s9999 xx 000 0 und d aEnglish a576 bGIL/GL aGilardi G.L  eEditor aGlucose nonfermenting gram- negative bacteria in clinical microbiology  aOhio bCRC Press c1978 a243 Pages aUSD.73.95  aMicrobes aMicro-organisms cBK c249300d249300 00104070aKAUCOAbKAUCOAd2022-03-03l0o576 GIL/GLpKAU-COA-7478 r2015-09-16 00:00:00w2015-09-16yBK